| 000 | 00590nam a22001577a 4500 | ||
|---|---|---|---|
| 003 | OSt | ||
| 005 | 20150930103939.0 | ||
| 008 | 150930b xxu||||| |||| 00| 0 eng d | ||
| 040 | _cRUA | ||
| 082 | _aAGR PHE 2011 B047 Or.1 | ||
| 100 |
_91595 _aPHEANG, SARI. |
||
| 245 | _aStudy about issue of vegetable prodution in kandal province (ការសិក្សាអំពីបញ្ហាលើផលិតកម្មដំណាំបន្លែក្នុងខេត្តកណ្ដាល) | ||
| 260 |
_aPhnom Penh _bRUA _c2011 |
||
| 300 |
_ax, 41p. _bill. _c29cm. |
||
| 942 |
_2ddc _cAGR |
||
| 999 |
_c1506 _d1506 |
||